LEADER 01184nam0-22003611i-450- 001 990003157960403321 005 20130213101648.0 010 $a88-15-04659-3 035 $a000315796 035 $aFED01000315796 035 $a(Aleph)000315796FED01 035 $a000315796 100 $a20030910d1994----km-y0itay50------ba 101 0 $aita 102 $aIT 200 1 $a<>politica previdenziale in Europa$fa cura di Marcello De Cecco e Felice Roberto Pizzuti. 210 $aBologna$cIl Mulino$d1994. 215 $a384 p.$d21 cm 225 1 $aOrganizzazione e funzionamento della pubblica amministrazione$v45 610 0 $aPensioni$aEuropa 676 $aM/4.25 702 1$aDe Cecco,$bMarcello$f<1939-2016> 702 1$aPizzuti,$bFelice Roberto$f<1950- > 712 02$aConsiglio nazionale delle ricerche.$bProgetto finalizzato sull'organizzazione e sul funzionamento della pubblica amministrazione 801 0$aIT$bUNINA$gRICA$2UNIMARC 901 $aBK 912 $a990003157960403321 952 $aM/4.25 DEC$b15198$fSES 952 $aI4.71$b6182$fDECTS 959 $aSES 959 $aDECTS 996 $aPolitica previdenziale in Europa$967762 997 $aUNINA LEADER 01282nam0-2200409---450 001 990005684720203316 005 20200408175050.0 035 $a000568472 035 $aUSA01000568472 035 $a(ALEPH)000568472USA01 035 $a000568472 100 $a20060117d1980----|||y0itaa50------ba 101 $aita 102 $ait 105 $a0 00||| 200 1 $a<> grande strada maestra$fAugust Strindberg$ga cura di Franco Perrelli 210 $aMilano$cEdizioni Il formichiere$dstampa 1980 215 $a117 p.$d22 cm 225 2 $a<> anelli$fcollana diretta da Stefano Jacini e Rodolfo Molo 300 $aTrad. di: Stora landsvagen. 410 0$12001$a<> anelli 454 $1001SA0016416$12001$aStora Landsvagen$fAugust Strindberg.$920672 620 $dMILANO 676 $a839.72'72 700 1$aSTRINDBERG,$bAugust$0126055 702 1$aPERRELLI,$bFranco 801 0$aIT$bSA$c20111219 912 $a990005684720203316 950 0$aDipar.to di Filosofia - Salerno$dDFFDC 800 STR$e7311 FIL 951 $aFDC 800 STR$b7311 FIL 959 $aBK 969 $aFIL 979 $c20121027$lUSA01$h1526 979 $c20121027$lUSA01$h1615 979 $aPATRY$b90$c20130226$lUSA01$h1547 996 $aStora Landsvagen$920672 997 $aUNISA